000 00652nam a2200229Ia 4500
003 OSt
005 20220925220525.0
006 a|||||r|||| 00| 0
007 ta
008 220923b |||||||| |||| 00| 0 eng d
037 _cGeneral Book
040 _aRTL
_cRTL
_beng
041 _2eng
_aeng
082 _aXxN30D0:g, N0
100 _aReisman David
_9120362
245 0 _aTheories of collective action
_b Downs, Olson and Hirsch
260 _aLondon
_bMacmillan
_c1990
300 _avi,348p
_ccm.
500 _aBibliography: P 315-338
942 _hXxN30D0:g, N0
_cGB
_2CC
999 _c571738
_d571738